000 00682nam a2200229 a 4500
001 000013588
005 20200929163259.0
008 091125s1992 sp 001 0 spa d
020 _a848018003X
040 _aDO-SdBNP
_bspa
_cBNPHU
082 _a863.44
_bC413s, 1992
100 1 _aCerdán Tato, Enrique,
_d1930-
_930991
245 1 0 _aSombras nada más /
_cEnrique Cerdán Tato.
250 _a2a ed.
260 _aAlicante, (España) :
_bAguaclara,
_c1992.
300 _a230 p. ;
_c21 cm.
490 1 _aAnaquel narrativa
_v17
650 4 _aNovela española
_91123
650 4 _aLiteratura española
_ySIGLO XX
_93326
830 0 _aAnaquel narrativa ;
_v17
_922002
049 _aBNGR
999 _c13207
_d13207